00654 2200217 4500001002100000005001500021035002000036007000300056008004100059020001800100082001100118084001700129100001500146245010700161250000600268260003100274300004800305650003500353504003200388990001600420INLIS00000000000408420251119030919 a0010-1125000116ta251119 b 0 ind  a9786023758814 a510.76 a510.76 TUM h0 aTumijan P.1 aHafal Mahir Teori dan Rumus Matematika SD/MI Kelas 4, 5, & 6 /cTumijan P. (Penulis); Erwanda (Editor) a- aJakarta :bGrasindo,c2017 avi; 498 Halaman :bIlustrasi; teks ;c15 cm 4aMatematika - Ujian, soal, dsb. aBibliografi Halaman 497-498 a00000005611